00438cam a22001577a 4500003000500000005001700005008004100022010001000063011001000073035001000083040000900093100002200102245002200124500011400146650002000260CHAP20220329141350.0971013s r 00010 d a67094 a68066 a77538 cCHAP00aBarrera, Alfredo.13aLa etnobotánica aSobretiro de: Simposio de Etnobotánia (1: 1976: México, D. F.) Memoria -- México : INAH, 1976 PP. 19-2514aEtnobotánica.